000 00588nam a22002177a 4500
999 _c458966
_d458966
001 216216951
003 UA-OsUOA
005 20200423110629.0
008 200423b un ||||| |||| 00| 0 ukr d
040 _aUA-OsUOA
_bukr
_cUA-OsUOA
_dUA-OsUOA
041 _aukr
080 _a821.161.1
090 _a821.161.1
_bК68
100 _aКорольков Ю
245 _aВ Германии после войны
_cЮ. Корольков
260 _aМосква
_bСоветский писатель
_c1951
300 _a394 с.
650 _2821
942 _2udc
_cBK
955 _a3